书目信息 |
| 题名: |
结构力学
|
|
| 作者: | 秋山成兴 , 酒井忠明 著 ;王道堂 译 | |
| 分册: | ||
| 出版信息: | 北京 人民教育出版社 1981 |
|
| 页数: | 508页 | |
| 开本: | 26cm | |
| 丛书名: | ||
| 单 册: | ||
| 中图分类: | TU3 | |
| 科图分类: | ||
| 主题词: | 建筑结构 | |
| 电子资源: | ||
| ISBN: | ||
| 000 | 00711nam0 2200253 45 | |
| 001 | 0182007083 | |
| 005 | 20060803165133.04 | |
| 010 | @dCNY3.40 | |
| 091 | @a15012.0379 | |
| 100 | @a19950421d1981 em y0chiy0121 ea | |
| 101 | 1 | @achi@cjpn |
| 102 | @aCN@b110000 | |
| 105 | @ay z 000yy | |
| 200 | 10 | @a结构力学@Ajie gou li xue@f(日)酒井忠明著@F(Ri)Jiu Jing Zhong Ming Zhu@g王道堂等译 |
| 210 | @a北京@c人民教育出版社@d1981 | |
| 215 | @a508页@d26cm | |
| 606 | 0 | @a建筑结构 |
| 690 | @aTU3 | |
| 701 | 0 | @a秋山成兴@Aqiu shan cheng xing@4著 |
| 701 | 0 | @a酒井忠明@4著 |
| 702 | 0 | @a王道堂@Awang dao tang@4译 |
| 801 | 0 | @aCN@b上海图书馆@c20060803 |
| 801 | 2 | @aCN@bNLC@c20060719 |
| 905 | @f1@b160886@dTU3@e125 | |
| 结构力学/(日)酒井忠明著/王道堂等译.-北京:人民教育出版社,1981 |
| 508页;26cm |
| ISBN :CNY3.40 |
| ● |
| 相关链接 |
|
|
|
|
正题名:结构力学
索取号:TU3/125
 
预约/预借
| 序号 | 登录号 | 条形码 | 馆藏地/架位号 | 状态 | 备注 |
| 1 | 0160886 | 001484370 | 第三借阅区/ [索取号:TU3/125] | 在馆 | |
| 2 | 0160887 | 001484441 | 第二样本阅览室/ [索取号:TU3/125] | 在馆 | |
| 3 | 0437353 | 204373533 | 密集书库/ [索取号:TU3/125] | 在馆 | |
| 4 | 0437354 | 204373542 | 密集书库/ [索取号:TU3/125] | 在馆 | |
| 5 | 0439649 | 204396493 | 密集书库/ [索取号:TU3/125] | 在馆 | |
| 6 | 0439650 | 204396509 | 密集书库/ [索取号:TU3/125] | 在馆 | |
| 7 | 0439651 | 204396518 | 密集书库/ [索取号:TU3/125] | 在馆 |